000 00633nam a2200241Ia 4500
001 3107
005 20240113233612.0
007 ta
008 050404s1956 a g b000 u hin u
020 _cPB
040 _aCottonCollege,Guhati
041 _ahin
082 _a891.4309
_bSa 74 Sw
100 _aSarma, Rambilas .
245 0 _aSwadhinata Aur Rastriya /
_cRambilas Sarma.
_hTextual Documents
250 _aIst /
260 _aVanaras :
_bHindi Prasarak Pustakalay ,
_c1956.
300 _a166P :
_bill ;
_c21cm .
653 _aCollection of Article
942 _2ddc
_cBK
999 _c3095
_d3095